header

Books in bloom (Record no. 114050)

MARC details
000 -LEADER
fixed length control field 01548nam a2200337 a 4500
082 04 - DEWEY DECIMAL CLASSIFICATION NUMBER
Classification number 027.62/51
100 1# - MAIN ENTRY--AUTHOR NAME
Personal name Faurot, Kimberly K.
245 10 - TITLE STATEMENT
Title Books in bloom
260 ## - PUBLICATION, DISTRIBUTION, ETC. (IMPRINT)
Place of publication Chicago :
Name of publisher American Library Association,
Year of publication 2003.
300 ## - PHYSICAL DESCRIPTION
Number of Pages vii, 231 p. :
Other physical details ill.
505 0# - FORMATTED CONTENTS NOTE
Formatted contents note Puppet/prop assembly stories -- Overhead projector stories -- Finger puppets -- Flannel/felt board stories -- Combination prop stories -- Stick puppets/rod puppets -- Hand puppets.
650 #0 - SUBJECT ADDED ENTRY--TOPICAL TERM
Topical Term Storytelling
Topical Term Children's libraries
Topical Term Libraries and puppets
Topical Term Storytelling
856 40 - ELECTRONIC LOCATION AND ACCESS
Uniform Resource Identifier http://site.ebrary.com/lib/rucke/Doc?id=10194663

No items available.

© 2026 Rongo University
Contact us: librarian | system librarian | Rongo university